Statistiques concernant Villes fondées par les français en Amérique du Nord

Cliquez ici pour prendre le quiz!

Statistiques générales

  • Ce quiz a été pris 6 500 fois
  • Le résultat moyen est 3 sur 6

Statistiques - réponses

PopulationVille% Correct
1 705 000Montréal
80%
532 000Québec
80%
391 000Nouvelle-Orléans
73%
311 404Saint-Louis
30%
673 000Détroit
23%
987 310Port-au-Prince
15%

Distribution des résultats

Percentile par nombre de réponses

% des personnes avec chaque résultat

Votre développement - résultats

Vous n’avez pas pris ce quiz